| 000 | 00504nam a2200181Ia 4500 | ||
|---|---|---|---|
| 001 | 13797 | ||
| 005 | 20260306164827.0 | ||
| 008 | 260306t1997||||xx |||||||||||||| ||spa|| | ||
| 041 | _aESP | ||
| 082 |
_a00S _b5.3 D85 |
||
| 100 |
_aDodge, Mark _eAUT |
||
| 245 | 0 |
_aGuía completa de Microsoft Excel 97: _bpara Microsoft Excel 97 para Windows 95 y Windows NT versión 4.0 |
|
| 260 | _c1997 | ||
| 300 |
_axxviii, 1067 páginas : _c23 cm. |
||
| 650 | _aGEN | ||
| 654 | _aCCC | ||
| 942 |
_cLIB _dJUS _fJUS _2ddc _n |
||
| 999 |
_c13797 _d13797 |
||